[Event "HUN-chT2 Asztalos 1819"]
[Site "Hungary"]
[Date "2018.12.02"]
[Round "3.8"]
[White "Toth, Zsolt"]
[Black "Ocztos, Dominik"]
[Result "1-0"]
[WhiteElo "1817"]
[BlackElo "1865"]
[PlyCount "55"]
[EventDate "2018.10.28"]
[EventType "team-tourn"]
[EventRounds "9"]
[EventCountry "HUN"]
[SourceTitle "CBM 189 Extra"]
[Source "ChessBase"]
[SourceDate "2019.06.03"]
[SourceVersion "1"]
[SourceVersionDate "2019.06.03"]
[SourceQuality "1"]
[WhiteTeam "Karmin"]
[BlackTeam "Sarosd"]
[WhiteTeamCountry "HUN"]
[BlackTeamCountry "HUN"]

1. d4 Nf6 2. Nf3 g6 3. c4 Bg7 4. Nc3 d6 5. Bf4 0-0 6. h3 Nh5 7. Bh2 f5 8. e3 Nd7 9. Be2 c5 10. Ng5 Ndf6 11. 0-0 h6 12. Nf3 Qe8 13. Nb5 Ne4 14. Nc7 Qc6 15. Nxa8 f4 16. d5 Qd7 17. Qc2 Qf5 18. Bd3 Nhf6 19. Bxe4 Qh5 20. Bxf4 Nxe4 21. Qxe4 g5 22. Bg3 Bf5 23. Qxe7 Bxh3 24. gxh3 Qxf3 25. Nc7 h5 26. Qxg5 Kh7 27. Ne6 Bh6 28. Nxf8+ 1-0

[Event "HUN-chT2 Asztalos 1617"]
[Site "Hungary"]
[Date "2017.02.12"]
[Round "8.9"]
[White "Ocztos, Dominik"]
[Black "Kis Katos, Janos"]
[Result "1-0"]
[WhiteElo "1812"]
[BlackElo "1738"]
[PlyCount "107"]
[EventDate "2016.09.25"]
[EventType "team-tourn"]
[EventRounds "11"]
[EventCountry "HUN"]
[SourceTitle "EXT 2021"]
[Source "ChessBase"]
[SourceDate "2020.10.23"]
[SourceVersion "1"]
[SourceVersionDate "2020.10.23"]
[SourceQuality "1"]
[WhiteTeam "Sarosd"]
[BlackTeam "Komlo Banyasz II"]
[WhiteTeamCountry "HUN"]
[BlackTeamCountry "HUN"]

1. e4 d5 2. exd5 Qxd5 3. Nc3 Qa5 4. Bc4 Nf6 5. d3 e6 6. Bd2 c6 7. Qe2 Qc7 8. Nf3 Be7 9. 0-0 0-0 10. Ne5 Bd6 11. f4 b5 12. Bb3 a5 13. a4 b4 14. Ne4 Nxe4 15. Qxe4 Bb7 16. Qe2 Bc8 17. Rae1 Na6 18. Bc4 Nc5 19. b3 Ba6 20. Bxa6 Nxa6 21. Qg4 Rae8 22. Kh1 f5 23. Qf3 Nb8 24. g3 Rf6 25. Be3 Bxe5 26. fxe5 Qxe5 27. Bg5 Qc3 28. Bxf6 gxf6 29. g4 Nd7 30. gxf5 Ne5 31. Qg2+ Kf8 32. Rg1 Ke7 33. Qg7+ Kd6 34. Qxf6 Kd5 35. fxe6 Rxe6 36. Qd8+ Rd6 37. Qxa5+ Ke6 38. Qa8 Kd5 39. Qg8+ Kc5 40. Qg2 Rg6 41. Qf2+ Kd6 42. Rxg6+ Nxg6 43. Qe3 Qxc2 44. Qe6+ Kc7 45. Qc4 Qf2 46. Qe4 Kd7 47. Rc1 c5 48. Qd5+ Ke8 49. Qe6+ Kf8 50. Qd6+ Kf7 51. Qg3 Qf5 52. a5 Qd5+ 53. Kg1 Qxb3 54. Rxc5 1-0

[Event "HUN-chT2 Asztalos 1617"]
[Site "Hungary"]
[Date "2016.11.27"]
[Round "5.10"]
[White "Ocztos, Dominik"]
[Black "Furi, Janos"]
[Result "1/2-1/2"]
[WhiteElo "1812"]
[BlackElo "1707"]
[PlyCount "29"]
[EventDate "2016.09.25"]
[EventType "team-tourn"]
[EventRounds "11"]
[EventCountry "HUN"]
[SourceTitle "EXT 2021"]
[Source "ChessBase"]
[SourceDate "2020.10.23"]
[SourceVersion "1"]
[SourceVersionDate "2020.10.23"]
[SourceQuality "1"]
[WhiteTeam "Sarosd"]
[BlackTeam "Nagyatad"]
[WhiteTeamCountry "HUN"]
[BlackTeamCountry "HUN"]

1. e4 d6 2. d4 Nf6 3. Nc3 g6 4. Nf3 Bg7 5. Be2 0-0 6. 0-0 Bg4 7. h3 Bxf3 8. Bxf3 e5 9. dxe5 dxe5 10. Bg5 c6 11. Qxd8 Rxd8 12. Rad1 Na6 13. Be3 b6 14. Be2 Nc7 15. Bd3 1/2-1/2

[Event "Eger Agria op 40th"]
[Site "Eger"]
[Date "2016.07.21"]
[Round "6"]
[White "Ocztos, Dominik"]
[Black "Patai, Peter"]
[Result "1/2-1/2"]
[WhiteElo "1646"]
[BlackElo "1886"]
[PlyCount "56"]
[EventDate "2016.07.18"]
[EventType "swiss"]
[EventRounds "8"]
[EventCountry "HUN"]
[SourceTitle "EXT 2020"]
[Source "ChessBase"]
[SourceDate "2019.10.17"]
[SourceVersion "1"]
[SourceVersionDate "2019.10.17"]
[SourceQuality "1"]

1. e4 d5 2. exd5 Qxd5 3. Nc3 Qa5 4. Bc4 Nf6 5. d3 c6 6. Bd2 Qb6 7. a3 Bf5 8. Na4 Qc7 9. Nc3 e6 10. Nf3 Nbd7 11. Qe2 Be7 12. Nd4 Bg6 13. Bxe6 Qb6 14. Bxd7+ Kxd7 15. Nb3 Rhe8 16. 0-0-0 Bh5 17. f3 Bxa3 18. Ne4 Bb4 19. Bxb4 Qxb4 20. Nec5+ Kc7 21. Qf2 Qf4+ 22. Qd2 Qxd2+ 23. Kxd2 Nd5 24. Rde1 Nf4 25. g4 Bg6 26. Nd4 Rad8 27. Rxe8 Rxe8 28. h4 f6 1/2-1/2

[Event "Eger Agria op 40th"]
[Site "Eger"]
[Date "2016.07.21"]
[Round "5"]
[White "Simon, Milan Gabor"]
[Black "Ocztos, Dominik"]
[Result "0-1"]
[WhiteElo "1492"]
[BlackElo "1646"]
[PlyCount "62"]
[EventDate "2016.07.18"]
[EventType "swiss"]
[EventRounds "8"]
[EventCountry "HUN"]
[SourceTitle "EXT 2020"]
[Source "ChessBase"]
[SourceDate "2019.10.17"]
[SourceVersion "1"]
[SourceVersionDate "2019.10.17"]
[SourceQuality "1"]

1. e4 e5 2. Nf3 Nc6 3. Bc4 Nf6 4. d4 exd4 5. e5 d5 6. Bb5 Ne4 7. Nxd4 Bd7 8. Bxc6 bxc6 9. 0-0 Bc5 10. f3 Ng5 11. f4 Ne4 12. Be3 Qe7 13. Nd2 f5 14. c4 0-0 15. Nxe4 fxe4 16. Rc1 Bb6 17. cxd5 cxd5 18. Qb3 Qf7 19. Kh1 c5 20. Ne2 d4 21. Qxf7+ Rxf7 22. Bg1 Bb5 23. Rce1 Ba5 24. Rc1 Bxe2 25. Rf2 d3 26. Rxc5 e3 27. Rxa5 exf2 28. Bxf2 Rxf4 29. Bg1 Rd8 30. e6 d2 31. e7 d1Q 0-1

[Event "Eger Agria op 40th"]
[Site "Eger"]
[Date "2016.07.18"]
[Round "1"]
[White "Molnar, Erno"]
[Black "Ocztos, Dominik"]
[Result "1-0"]
[WhiteElo "2120"]
[BlackElo "1646"]
[PlyCount "29"]
[EventDate "2016.07.18"]
[EventType "swiss"]
[EventRounds "8"]
[EventCountry "HUN"]
[SourceTitle "EXT 2020"]
[Source "ChessBase"]
[SourceDate "2019.10.17"]
[SourceVersion "1"]
[SourceVersionDate "2019.10.17"]
[SourceQuality "1"]

1. e4 e5 2. Nf3 Nc6 3. Bb5 a6 4. Ba4 Nf6 5. Qe2 b5 6. Bb3 Be7 7. 0-0 d6 8. a4 bxa4 9. Bxa4 Bb7 10. Qc4 Qd7 11. d4 0-0 12. d5 Na5 13. Qb4 Qg4 14. Qxa5 Nxe4 15. c4 1-0

[Event "HUN-ch U12"]
[Site "Balatonlelle"]
[Date "2016.06.28"]
[Round "7"]
[White "Ocztos, Dominik"]
[Black "Schwarczenberger, Csongor"]
[Result "0-1"]
[WhiteElo "1573"]
[BlackElo "1681"]
[PlyCount "38"]
[EventDate "2016.06.24"]
[EventType "swiss"]
[EventRounds "9"]
[EventCountry "HUN"]
[SourceTitle "CBM 173 Extra"]
[Source "ChessBase"]
[SourceDate "2016.08.29"]
[SourceVersion "1"]
[SourceVersionDate "2016.08.29"]
[SourceQuality "1"]

1. e4 e6 2. d4 d5 3. e5 c5 4. c3 Nc6 5. Nf3 Bd7 6. Be3 Qb6 7. Qd2 cxd4 8. cxd4 Nge7 9. Nc3 Ng6 10. Bd3 Be7 11. Bxg6 hxg6 12. Rc1 Na5 13. b3 Bb4 14. 0-0 0-0 15. Qb2 Rac8 16. Ne2 Bb5 17. Rxc8 Rxc8 18. Rc1 Rxc1+ 19. Qxc1 Bxe2 0-1

[Event "HUN-ch U12"]
[Site "Balatonlelle"]
[Date "2016.06.24"]
[Round "1"]
[White "Ocztos, Dominik"]
[Black "Borhy, Marcell Boldizsar"]
[Result "0-1"]
[WhiteElo "1573"]
[BlackElo "2040"]
[PlyCount "70"]
[EventDate "2016.06.24"]
[EventType "swiss"]
[EventRounds "9"]
[EventCountry "HUN"]
[SourceTitle "CBM 173 Extra"]
[Source "ChessBase"]
[SourceDate "2016.08.29"]
[SourceVersion "1"]
[SourceVersionDate "2016.08.29"]
[SourceQuality "1"]

1. e4 c5 2. Nf3 d6 3. d4 cxd4 4. Qxd4 Nc6 5. Bb5 Bd7 6. Bxc6 Bxc6 7. Nc3 Nf6 8. Bg5 e6 9. 0-0-0 Be7 10. Rhe1 0-0 11. e5 dxe5 12. Qh4 Qc7 13. Nxe5 Rfe8 14. Rd3 Nd5 15. Bxe7 Qxe7 16. Qxe7 Nxe7 17. Nxc6 Nxc6 18. Rd7 Rab8 19. Red1 Kf8 20. Ne4 Re7 21. f4 Ke8 22. Rxe7+ Kxe7 23. Nd6 b6 24. Ne4 f5 25. Nc3 Rd8 26. Rxd8 Nxd8 27. Kd2 Nc6 28. a3 e5 29. fxe5 Nxe5 30. b3 Ke6 31. Nb5 Nc6 32. Ke3 Ke5 33. c4 g5 34. h3 h5 35. Nc3 Na5 0-1